| 000 | 01064nam a2200241 a 4500 | ||
|---|---|---|---|
| 001 | 72546 | ||
| 003 | BD-RjUL | ||
| 005 | 20211209082256.0 | ||
| 008 | 170520s1963 xx 001 0 engm | ||
| 035 | _a(BD-RjUL)72764 | ||
| 040 |
_aDLC _cTOL _dm.c. _dMYG _dBD-RjUL _beng |
||
| 041 | _aeng | ||
| 082 |
_223 _a572.6 _bRAA 1963 |
||
| 111 | 2 |
_aInternational Symposium on Protein Structure and Crystallography _d(1963 : _cMadras, India) _9214588 |
|
| 245 | 1 | 0 |
_aAspects of protein structure : _bproceedings of a symposium held in Madras 14-18 January 1963 and organized by the University of Madras / _cEdited by G. N. Ramachandran. |
| 260 |
_aLondon : _bAcademic Press, _c1963. |
||
| 300 |
_ax, 380 p. : _b ill. ; _c23 cm. |
||
| 500 | _aThis volume is a report of the proceedings of the Symposium on protein structure, which formed a part of the International symposium on protein structure and crystallography. | ||
| 504 | _aIncludes bibliographical references. | ||
| 650 | 0 |
_aProteins _vCongresses. _9205032 |
|
| 710 | 2 |
_aUniversity of Madras. _9214589 |
|
| 942 |
_2ddc _cBK |
||
| 999 |
_c72546 _d72546 |
||